000
00343 a2200157 4500
001
61890
020
_a
9780194233798
040
_c
Anchieta - Pituba
100
_a
Potter, Joc
240
1
0
_a
Animals in danger
_l
eng
245
1
0
_a
Animals in danger
300
_a
56
362
0
_a
2008
650
4
_a
Literatura juvenil em inglês
942
_c
BK
999
_c
61890
_d
61890